|
|
|
|
| LEADER |
00883nam a2200241 a 4500 |
| 001 |
0024098 |
| 003 |
BD-DhAAL |
| 008 |
111227s2006 ii a 001 0 eng d |
| 020 |
|
|
|a 8131715000
|
| 040 |
|
|
|a BD-DhAAL
|c BD-DhAAL
|
| 082 |
0 |
0 |
|a 330
|2 23
|
| 100 |
1 |
|
|a Sloman, John
|9 238
|
| 245 |
1 |
0 |
|a Economics /
|c John Sloman
|
| 250 |
|
|
|a Sixth edition.
|
| 260 |
|
|
|a New Delhi :
|b Pearson Education,
|c c2006.
|
| 300 |
|
|
|a xxvi, 750 p. :
|b ill. ;
|c 25 cm
|
| 500 |
|
|
|a Includes index.
|
| 541 |
|
|
|e 00024098
|
| 650 |
|
0 |
|a Economics
|
| 852 |
1 |
|
|a Ayesha Abed Library
|c General Stacks
|
| 942 |
|
|
|2 ddc
|c BK
|
| 999 |
|
|
|c 11697
|d 11697
|
| 952 |
|
|
|0 0
|1 0
|2 ddc
|4 0
|6 330_000000000000000_SLO
|7 0
|9 19021
|a BRACUL
|b BRACUL
|c GEN
|d 2011-12-28
|e Parama publishers
|g 660.00
|l 18
|m 87
|o 330 SLO
|p 3010024098
|r 2026-02-02
|s 2025-12-17
|t 1
|v 1320.00
|w 2011-12-28
|y BK
|x Koha Inventory 2020 ; Previously missing book recovered on 10 August 2025
|